[Event "ICS Rated blitz match"]
[Site "204.178.125.65"]
[Date "2000.09.28"]
[Round "?"]
[White "Hossa"]
[Black "PostModernist"]
[Result "0-1"]
[WhiteElo "2491"]
[BlackElo "2570"]
[PlyCount "88"]
[EventDate "2000.??.??"]

1. d4 f5 2. Bg5 Nc6 3. d5 Ne5 4. Nf3 Nxf3+ 5. exf3 h6 6. Be3 e6 7. dxe6 dxe6 8.
Qxd8+ Kxd8 9. Nc3 Nf6 10. Bc4 Bd7 11. O-O Bb4 12. Ne2 g5 13. Bd4 Rf8 14. Rad1
Bd6 15. Rfe1 e5 16. Bc3 b5 17. Bd3 b4 18. Bd2 e4 19. fxe4 fxe4 20. Ba6 Ng4 21.
Rf1 Bxh2+ 22. Kh1 Rxf2 23. Bxb4 Rb8 24. a3 Bd6 25. Bxd6 cxd6 26. Nc3 Rxf1+ 27.
Rxf1 Rb6 28. Be2 Ne3 29. Rf8+ Ke7 30. Rh8 Rxb2 31. Nxe4 Rxc2 32. Rh7+ Kd8 33.
Bf3 g4 34. Nf6 Bf5 35. Rh8+ Ke7 36. Ng8+ Ke6 37. Rxh6+ Ke5 38. Ne7 g3 39. Nc6+
Kf4 40. Rxd6 Rc1+ 41. Bd1 Nxd1 42. Rd4+ Be4 43. Rxe4+ Kxe4 44. Nxa7 Nf2# {
Hossa checkmated} 0-1

[Event "ICS Rated blitz match"]
[Site "204.178.125.65"]
[Date "2000.09.28"]
[Round "?"]
[White "Tinker"]
[Black "Hossa"]
[Result "1-0"]
[WhiteElo "2393"]
[BlackElo "2479"]
[PlyCount "57"]
[EventDate "2000.??.??"]

1. e4 e5 2. Nf3 Nc6 3. d4 exd4 4. Nxd4 Nf6 5. Nxc6 bxc6 6. e5 Qe7 7. Qe2 Nd5 8.
Bd2 Rb8 9. c4 Nb4 10. Bc3 Qg5 11. Na3 Ba6 12. h4 Qe7 13. Qe3 c5 14. Rh3 Bc8 15.
h5 Rb6 16. Be2 Ra6 17. Qe4 Rxa3 18. bxa3 d5 19. cxd5 Bxh3 20. gxh3 a5 21. d6
cxd6 22. Bb5+ Kd8 23. Qa8+ Kc7 24. axb4 dxe5 25. Qa7+ Kc8 26. Ba6+ Qb7 27.
Qxb7+ Kd8 28. Bb5 axb4 29. Qd7# {Hossa checkmated} 1-0

[Event "ICS Rated blitz match"]
[Site "204.178.125.65"]
[Date "2000.09.28"]
[Round "?"]
[White "Hossa"]
[Black "counterplay"]
[Result "0-1"]
[WhiteElo "2462"]
[BlackElo "2802"]
[PlyCount "111"]
[EventDate "2000.??.??"]

1. e4 c5 2. Nf3 Nc6 3. d4 cxd4 4. Nxd4 Nf6 5. Nc3 Qb6 6. Nb3 e6 7. Be3 Qc7 8.
a3 a6 9. Bd3 Bd6 10. Na4 b5 11. Nb6 Rb8 12. Nxc8 Rxc8 13. g3 O-O 14. f4 Be7 15.
O-O d5 16. e5 Nd7 17. Qh5 g6 18. Qh6 Rfe8 19. Rfd1 Bf8 20. Qh4 Nb6 21. Rab1 Nc4
22. Bf2 Red8 23. c3 Nb8 24. Nd4 Nd7 25. Bf1 Nc5 26. Nf3 Be7 27. Qh6 Na4 28.
Bxc4 bxc4 29. Ng5 Bxg5 30. Qxg5 Rb8 31. Qf6 Nxb2 32. Rd2 Na4 33. Rc1 Nc5 34.
Rdc2 Ne4 35. Qh4 Rd7 36. Qh6 Qa5 37. a4 Rdb7 38. Bd4 Qxa4 39. g4 Rb1 40. Kg2
Rxc1 41. Rxc1 Qa2+ 42. Kh1 Nf2+ 43. Kg1 Nxg4 44. Qh4 Qe2 45. Ra1 Rb2 46. Qg3
Nxh2 47. Bf2 Nf3+ 48. Kg2 Nd2 49. Re1 Qxe1 50. Bxe1 Ne4+ 51. Bf2 Nxg3 52. Kxg3
a5 53. Be3 a4 54. Bc5 Rb3 55. Kf2 a3 56. Bxa3 {Hossa resigns} 0-1

[Event "ICS Rated blitz match"]
[Site "204.178.125.65"]
[Date "2000.09.28"]
[Round "?"]
[White "Hossa"]
[Black "PostModernist"]
[Result "0-1"]
[WhiteElo "2458"]
[BlackElo "2586"]
[PlyCount "69"]
[EventDate "2000.??.??"]

1. e4 c5 2. Nf3 g6 3. d4 cxd4 4. Nxd4 Nc6 5. Nc3 Bg7 6. Be3 Nf6 7. Bc4 Qa5 8.
O-O O-O 9. Nb3 Qc7 10. Re1 d6 11. Nb5 Qd8 12. f3 Ne5 13. Be2 a6 14. Nc3 Bd7 15.
Nd5 Nxd5 16. exd5 b5 17. Bd4 Bh6 18. Rf1 e6 19. f4 Nc4 20. Bf3 e5 21. fxe5 dxe5
22. Bf2 Nxb2 23. Qe2 Re8 24. Bc5 e4 25. Bg4 Bxg4 26. Qxg4 Qxd5 27. Qh4 Bg5 28.
Qf2 e3 29. Qe2 Qc4 30. Rae1 Rad8 31. Ba3 Na4 32. Nc5 Qxe2 33. Rxe2 Nc3 34. Ree1
e2 35. Nxa6 {Hossa resigns} 0-1

[Event "ICS Rated blitz match"]
[Site "204.178.125.65"]
[Date "2000.09.28"]
[Round "?"]
[White "Tinker"]
[Black "Hossa"]
[Result "1-0"]
[WhiteElo "2369"]
[BlackElo "2448"]
[PlyCount "113"]
[EventDate "2000.??.??"]

1. e4 d6 2. d4 Nf6 3. Nc3 e6 4. Nf3 Be7 5. Bg5 O-O 6. Be2 Nc6 7. O-O Bd7 8. Qd2
a6 9. h3 Nh5 10. Be3 Nf6 11. a3 Qc8 12. e5 Nd5 13. Nxd5 exd5 14. Bg5 f6 15.
exf6 Bxf6 16. a4 Bxh3 17. gxh3 Qxh3 18. Ra3 Qg4+ 19. Kh2 Rae8 20. Be3 Re4 21.
Rg1 Qh5+ 22. Kg2 Qf5 23. Kf1 Rfe8 24. Rg3 Qe6 25. Rc3 Qf7 26. Bd3 R4e6 27. Rh3
g6 28. Ra3 Qd7 29. Rg3 Qg7 30. Bf5 R6e7 31. Rb3 Rb8 32. Qc3 Qf8 33. Bd3 Qe8 34.
a5 Bg7 35. Nh4 Re6 36. Rf3 Re7 37. Ng2 Qd7 38. Rg3 Ree8 39. Nf4 Qf7 40. Nxd5
Qd7 41. Bc4 Kh8 42. Nf4 Qf5 43. Bd5 g5 44. Qd3 Nxd4 45. Bxd4 Qxf4 46. Rh3 Re1+
47. Kxe1 Qc1+ 48. Ke2 Re8+ 49. Be3 h6 50. Qg6 Qxc2+ 51. Qxc2 Re5 52. Rxb7 Bf8
53. Rxh6+ Bxh6 54. Qg6 Rxe3+ 55. fxe3 Bg7 56. Qh5+ Bh6 57. Qxh6# {
Hossa checkmated} 1-0

[Event "ICS rated blitz match"]
[Site "204.178.125.65"]
[Date "2000.09.28"]
[Round "?"]
[White "Hossa"]
[Black "Tinker"]
[Result "1-0"]
[WhiteElo "2428"]
[BlackElo "2389"]
[PlyCount "289"]
[EventDate "2000.??.??"]

1. d4 d5 2. c4 e6 3. Nf3 c6 4. Nbd2 dxc4 5. Nxc4 b5 6. Nce5 Bb4+ 7. Bd2 Bxd2+
8. Qxd2 f6 9. Nd3 g5 10. Qc3 a5 11. e4 Ne7 12. Be2 b4 13. Qc5 Na6 14. Qc4 O-O
15. O-O Kh8 16. Rfd1 Bd7 17. Nd2 Nc8 18. Qc2 Nd6 19. Nc5 Nxc5 20. dxc5 Nb7 21.
Qc4 Qe7 22. Rac1 e5 23. b3 Rfd8 24. Qc2 Be6 25. Nf1 Rxd1 26. Bxd1 Rd8 27. Bh5
Qg7 28. Ne3 Rd4 29. Be8 Nd8 30. f3 Qh6 31. Kh1 g4 32. Qe2 Kg8 33. fxg4 Rxe4 34.
Re1 Qf8 35. Bh5 Qxc5 36. Qd2 Nf7 37. Bxf7+ Kxf7 38. h3 Qc3 39. Qf2 Rf4 40. Qe2
h6 41. Kg1 Kg7 42. Rd1 Qc5 43. g3 Re4 44. Re1 Qd4 45. Qf3 Bd5 46. Qf2 Kf7 47.
Qe2 Ke7 48. Kf2 Kd6 49. Rc1 Ke7 50. Re1 Bf7 51. Qa6 Bd5 52. Qe2 Be6 53. Qc2 Bd5
54. Qe2 Kf8 55. Qa6 Qc5 56. Qc8+ Kg7 57. Qd7+ Bf7 58. Re2 Kg8 59. Qc8+ Kg7 60.
Qb7 Kg6 61. Qc8 Bd5 62. Qe8+ Bf7 63. Qc8 Rd4 64. Rc2 Qb6 65. Qf5+ Kg7 66. Qf3
Rd6 67. Kf1 Bd5 68. Nf5+ Kg6 69. Qe2 Rd7 70. Rd2 Qc5 71. Qd1 Kh7 72. Ke2 Qf8
73. Ke1 Kg8 74. Qc1 Rh7 75. Rf2 Be4 76. Qc4+ Bd5 77. Qc1 Kh8 78. Qc2 Rf7 79.
Qd2 Rh7 80. Qc2 Kg8 81. Qc1 Kf7 82. Qc2 Rh8 83. Qd3 Qd8 84. Qe3 Qd7 85. Qc5 Qc7
86. Rd2 Qd8 87. Qa7+ Ke6 88. Rd1 Qd7 89. Qxa5 Rb8 90. Nxh6 Qh7 91. Nf5 Qd7 92.
h4 Rb5 93. Qa8 Rb7 94. Qg8+ Qf7 95. Ng7+ Ke7 96. Qc8 Rd7 97. Nf5+ Ke6 98. h5 e4
99. Qb8 Rc7 100. Qxb4 Qd7 101. Qc5 Rc8 102. Qe3 Qb7 103. Rd2 Qh7 104. Qf4 Rd8
105. Nd4+ Kd7 106. Qxf6 Qh8 107. Qxh8 Rxh8 108. Nf5 Ke6 109. Ne3 Rh7 110. Kd1
Ke5 111. Rh2 Rd7 112. Ke1 Kf6 113. Rf2+ Kg5 114. Rf5+ Kh6 115. Rf6+ Kh7 116. g5
Rg7 117. g6+ Kh6 118. g4 Ra7 119. Rf2 Be6 120. Rc2 Ra6 121. Rb2 Ra5 122. Rg2
Rg5 123. Kd2 Rb5 124. Rg1 Kg7 125. Rf1 Ra5 126. a4 Bxb3 127. Nf5+ Kh8 128. g7+
Kh7 129. h6 Rxa4 130. g5 c5 131. Ke3 Be6 132. Nd6 Bc4 133. Rc1 Ra3+ 134. Kxe4
Bd3+ 135. Ke5 Ra5 136. Nb7 Ra8 137. Nxc5 Bg6 138. Kf6 Rc8 139. Rc3 Rc6+ 140.
Ke5 Bf7 141. Rc1 Kg6 142. Rc2 Kxg5 143. h7 Rxc5+ 144. Rxc5 Bg8 145. hxg8=Q {
Tinker resigns} 1-0

[Event "ICS rated blitz match"]
[Site "204.178.125.65"]
[Date "2000.09.28"]
[Round "?"]
[White "Extripator"]
[Black "Hossa"]
[Result "1-0"]
[WhiteElo "2562"]
[BlackElo "2442"]
[PlyCount "131"]
[EventDate "2000.??.??"]

1. d4 Nf6 2. c4 g6 3. Nc3 Bg7 4. e4 d6 5. f3 O-O 6. Be3 e5 7. d5 Nh5 8. Qd2 f5
9. O-O-O Nd7 10. Bd3 Nc5 11. Bc2 a6 12. Nge2 b5 13. b4 Nxe4 14. fxe4 f4 15. Bf2
bxc4 16. Kb1 Nf6 17. a3 Bb7 18. Rhf1 Ng4 19. Bg1 a5 20. b5 Bh6 21. Qe1 Ne3 22.
Bxe3 fxe3 23. Ng1 Re8 24. Qe2 Qd7 25. Qxc4 Rac8 26. Ba4 Red8 27. Rd3 Qg4 28. g3
Re8 29. Rf3 Qh5 30. h4 g5 31. Rfxe3 gxh4 32. Re1 Rf8 33. Nh3 Qg4 34. gxh4 Qxh4
35. Rg1+ Kh8 36. Bb3 Rg8 37. Rf1 Rg2 38. Rdf3 Qg4 39. Ne2 Qh5 40. Bc2 Ba8 41.
Kb2 Qg4 42. Nhg1 Kg8 43. Qc3 Qd7 44. Qxa5 Qg4 45. a4 Bg7 46. Ka2 Qh5 47. Qa6
Qe8 48. Rc3 Qd7 49. b6 c5 50. dxc6 Bxc6 51. Qc4+ Kh8 52. Rf7 Qe8 53. Rc7 Rd8
54. Qxc6 Qe6+ 55. Kb2 Qg4 56. Rc8 Bf6 57. b7 Kg7 58. b8=Q Rxe2 59. Qcc7+ Kh6
60. Rxd8 Rxc2+ 61. Rxc2 Bxd8 62. Rh2+ Qh4 63. Rxh4+ Bxh4 64. Qf8+ Kh5 65. Qf5+
Kh6 66. Qcxh7# {Hossa checkmated} 1-0

[Event "ICS rated blitz match"]
[Site "204.178.125.65"]
[Date "2000.09.28"]
[Round "?"]
[White "Hossa"]
[Black "WICKER-MAN"]
[Result "1-0"]
[WhiteElo "2431"]
[BlackElo "1903"]
[PlyCount "35"]
[EventDate "2000.??.??"]

1. e4 e5 2. Nf3 d6 3. d4 Nf6 4. Nc3 Nbd7 5. Bc4 Be7 6. O-O O-O 7. Qe2 c6 8. a4
Qc7 9. h3 b6 10. Rd1 a6 11. d5 Bb7 12. dxc6 Bxc6 13. Bg5 Nc5 14. Bxf6 Bxf6 15.
Bd5 g6 16. Bxc6 Qxc6 17. Nd5 Bg7 18. Ne7+ {WICKER-MAN resigns} 1-0

[Event "ICS rated blitz match"]
[Site "204.178.125.65"]
[Date "2000.09.28"]
[Round "?"]
[White "arturoley"]
[Black "Hossa"]
[Result "1/2-1/2"]
[WhiteElo "2040"]
[BlackElo "2432"]
[PlyCount "146"]
[EventDate "2000.??.??"]

1. e4 e5 2. Nf3 Nc6 3. Bc4 Bc5 4. Nc3 Nf6 5. d3 O-O 6. Bg5 d6 7. O-O Na5 8. Nd5
Nxc4 9. dxc4 Be6 10. Bxf6 gxf6 11. Qd2 c6 12. Ne3 Qb6 13. b3 Kh8 14. Nh4 Bxe3
15. fxe3 Qd8 16. Nf5 Bxf5 17. Rxf5 Re8 18. Raf1 Re6 19. Qe2 Qa5 20. Qh5 Kg8 21.
h3 Qd2 22. R1f3 Qc1+ 23. Kh2 Qxc2 24. Rxf6 Rxf6 25. Rxf6 Rf8 26. Qg4+ Kh8 27.
Rh6 Rg8 28. Qf3 f5 29. exf5 e4 30. Qf1 Qd2 31. f6 Qxe3 32. Rh4 Qg3+ 33. Kh1
Qxh4 34. f7 Kg7 35. fxg8=Q+ Kxg8 36. Qe2 a6 37. Kh2 d5 38. g3 Qg5 39. cxd5 cxd5
40. h4 Qf5 41. Qc2 b6 42. Qc6 Qf2+ 43. Kh3 Qf1+ 44. Kh2 Qe2+ 45. Kh3 Qh5 46.
Qe6+ Qf7 47. Qxb6 Qf5+ 48. Kh2 Qc8 49. Qd4 Qc2+ 50. Kh3 Qd3 51. Qe5 Qf1+ 52.
Kh2 Qe2+ 53. Kh3 h5 54. Qxd5+ Kg7 55. Qe5+ Kf7 56. Qf5+ Ke7 57. Qe5+ Kd7 58.
Qd5+ Kc7 59. Qc5+ Kb7 60. Qd5+ Kc8 61. Qc6+ Kd8 62. Qd6+ Kc8 63. Qc6+ Kd8 64.
Qd6+ Kc8 65. Qc6+ Kb8 66. Qb6+ Kc8 67. Qc6+ Kb8 68. Qb6+ Kc8 69. Qc6+ Kb8 70.
Qb6+ Kc8 71. Qc6+ Kb8 72. Qb6+ Kc8 73. Qc6+ Kb8 {Game drawn by repetition}
1/2-1/2

[Event "ICS rated standard match"]
[Site "204.178.125.65"]
[Date "2000.09.28"]
[Round "?"]
[White "Hossa"]
[Black "infant"]
[Result "1-0"]
[WhiteElo "2358"]
[BlackElo "1904"]
[PlyCount "89"]
[EventDate "2000.??.??"]

1. e4 e5 2. Nf3 Nc6 3. Bc4 Bc5 4. c3 Nf6 5. d4 exd4 6. cxd4 Bb4+ 7. Bd2 Bxd2+
8. Nbxd2 d5 9. exd5 Nxd5 10. Qb3 Na5 11. Qa4+ c6 12. Bxd5 Qxd5 13. O-O O-O 14.
Rfe1 b5 15. Qxa5 Be6 16. Re5 Qd7 17. Rae1 Bd5 18. Re7 Qd6 19. Rxa7 Rxa7 20.
Qxa7 Qb4 21. b3 Qc3 22. Qd7 Be6 23. Qe7 Qb2 24. Rxe6 fxe6 25. Qxe6+ Kh8 26.
Qxc6 Qxa2 27. Qxb5 h6 28. Kh1 Qa1+ 29. Qf1 Qb2 30. h4 Qc3 31. Qe1 Ra8 32. Kh2
Qc6 33. Ne4 Re8 34. Ne5 Qb6 35. Nc5 Qb8 36. b4 Kg8 37. Qc3 Qd8 38. Qc4+ Kh7 39.
Qd3+ Kg8 40. Qb3+ Kh7 41. Qb1+ Kg8 42. Qe4 Qb8 43. Qd5+ Kh7 44. Ncd7 Qc7 45.
Qf7 {infant resigns} 1-0

[Event "ICS rated blitz match"]
[Site "204.178.125.65"]
[Date "2000.09.28"]
[Round "?"]
[White "Hossa"]
[Black "arturoley"]
[Result "1-0"]
[WhiteElo "2423"]
[BlackElo "1989"]
[PlyCount "67"]
[EventDate "2000.??.??"]

1. e4 e5 2. Nf3 Nc6 3. Bc4 Bc5 4. c3 Nf6 5. d4 exd4 6. cxd4 Bb4+ 7. Nc3 Nxe4 8.
O-O Bxc3 9. d5 Ne7 10. bxc3 Nd6 11. Bb3 O-O 12. c4 Ng6 13. c5 Ne8 14. d6 cxd6
15. cxd6 Qf6 16. Ba3 b6 17. Rc1 Bb7 18. Bd5 Bxd5 19. Qxd5 Rb8 20. Rfe1 Nf4 21.
Qe4 Nxd6 22. Qe5 Qxe5 23. Nxe5 Nb5 24. Bxf8 Rxf8 25. Nxd7 Rd8 26. Rc4 Ne6 27.
Rd1 Re8 28. f4 f5 29. Re1 Kf7 30. Re5 g6 31. Rxb5 Rd8 32. Ne5+ Kf6 33. Ra4 Nxf4
34. Rxf4 {arturoley resigns} 1-0

[Event "ICS Rated blitz match"]
[Site "204.178.125.65"]
[Date "2000.09.28"]
[Round "?"]
[White "Hossa"]
[Black "Colorado"]
[Result "0-1"]
[WhiteElo "2425"]
[BlackElo "2737"]
[PlyCount "188"]
[EventDate "2000.??.??"]

1. e4 e5 2. Nf3 Nc6 3. Bc4 Bc5 4. c3 Nf6 5. d4 exd4 6. cxd4 Bb4+ 7. Bd2 Bxd2+
8. Nbxd2 d5 9. exd5 Nxd5 10. Qb3 Nce7 11. O-O O-O 12. Ne5 f6 13. Nd3 c6 14.
Rfe1 Kh8 15. Nc5 b6 16. Ne6 Bxe6 17. Rxe6 Nc7 18. Re4 f5 19. Ree1 b5 20. Bd3
Qd6 21. Nf3 Ncd5 22. Rad1 Rae8 23. Ne5 Kg8 24. Be2 Rd8 25. Rc1 Rf6 26. Rc5 Re6
27. Bh5 Rf8 28. Bf3 a5 29. Rec1 a4 30. Qa3 Rc8 31. Bxd5 Nxd5 32. Qf3 Ne7 33.
Qh5 Rf6 34. Rd1 f4 35. Rd2 Rd8 36. b4 axb3 37. axb3 Ra8 38. Qd1 Rff8 39. Qc1
Ra6 40. Rd1 Qe6 41. Qc3 Rd8 42. Qf3 Rd6 43. Qd3 Ra3 44. Rb1 Rd8 45. Qc3 Rd6 46.
Qb2 Ra8 47. Rd1 Rd5 48. Rxd5 Qxd5 49. Ra1 Rxa1+ 50. Qxa1 Ng6 51. Qa8+ Nf8 52.
Nxc6 Qxb3 53. Qa1 h5 54. Ne7+ Kf7 55. Nc6 Ng6 56. g3 f3 57. h3 Ke6 58. Qe1+ Kf6
59. Qc1 Qc4 60. Qb2 Kf7 61. Nd8+ Ke8 62. Nb7 Kd7 63. h4 Ne7 64. Nc5+ Kc6 65.
Nb3 Kd7 66. Qb1 Kd6 67. Nd2 Qxd4 68. Nxf3 Qg4 69. Qd3+ Nd5 70. Ng5 b4 71. Qg6+
Kc5 72. Qxg7 b3 73. Qa7+ Kc4 74. Qa6+ Kc3 75. Qa5+ Nb4 76. Qe5+ Kc2 77. Qc5+
Kb2 78. Nf7 Nd3 79. Qa5 Qe2 80. Qb6 Qxf2+ 81. Qxf2+ Nxf2 82. Nd6 Kc3 83. Kxf2
b2 84. Ke3 b1=Q 85. Ne4+ Kc2 86. Kf4 Qc1+ 87. Kf3 Kd3 88. Nf2+ Kd4 89. Kg2 Ke3
90. Nd3 Qd2+ 91. Kh3 Qxd3 92. Kh2 Kf2 93. g4 Qg3+ 94. Kh1 Qxh4# {
Hossa checkmated} 0-1

[Event "ICS rated standard match"]
[Site "204.178.125.65"]
[Date "2000.09.28"]
[Round "?"]
[White "Hossa"]
[Black "infant"]
[Result "1-0"]
[WhiteElo "2360"]
[BlackElo "1915"]
[PlyCount "115"]
[EventDate "2000.??.??"]

1. e4 e5 2. Bc4 Nf6 3. Nf3 Nc6 4. d3 Be7 5. Nc3 O-O 6. O-O d6 7. a3 Be6 8. Bxe6
fxe6 9. Ng5 Qd7 10. f4 d5 11. fxe5 Nxe5 12. d4 Nf7 13. Nxf7 Rxf7 14. e5 Ne8 15.
Rxf7 Kxf7 16. Be3 Kg8 17. Qg4 c6 18. Rf1 Nc7 19. Bh6 Bf8 20. a4 c5 21. Be3 b6
22. Qf4 Qe8 23. Qg5 cxd4 24. Bxd4 Be7 25. Qg4 Qd7 26. b3 Rf8 27. Rxf8+ Bxf8 28.
Qf4 Qf7 29. Qxf7+ Kxf7 30. Kf2 Be7 31. g4 Bd8 32. Kf3 Kg6 33. Ne2 Na6 34. Bc3
Bc7 35. h4 Nb8 36. h5+ Kf7 37. g5 Nc6 38. Kf4 g6 39. h6 a6 40. Bb2 b5 41. Bc3
bxa4 42. bxa4 Bb6 43. Nc1 Bd4 44. Bxd4 Nxd4 45. c3 Nc6 46. Nd3 Ke7 47. Nf2 Kd7
48. Ng4 Ke7 49. Nf6 Kf7 50. Nxh7 a5 51. Nf6 d4 52. cxd4 Nxd4 53. Ne8 Kg8 54.
Nc7 Kf7 55. Ke4 Ne2 56. Nxe6 Nc3+ 57. Kd4 Nxa4 58. h7 {infant resigns} 1-0

[Event "ICS rated blitz match"]
[Site "204.178.125.65"]
[Date "2000.09.28"]
[Round "?"]
[White "Motoman"]
[Black "Hossa"]
[Result "0-1"]
[WhiteElo "2042"]
[BlackElo "2420"]
[PlyCount "77"]
[EventDate "2000.??.??"]

1. e4 e5 2. Nf3 Nc6 3. d4 exd4 4. Nxd4 Nf6 5. Nxc6 bxc6 6. e5 Qe7 7. Qe2 Nd5 8.
c4 Ba6 9. b3 g5 10. Ba3 d6 11. exd6 Qxe2+ 12. Bxe2 Bg7 13. cxd5 Bxe2 14. Kxe2
Bxa1 15. Rc1 O-O-O 16. Rxc6 Rhe8+ 17. Kd3 Rd7 18. Nd2 Re5 19. Nc4 Rxd5+ 20. Ke4
Rd4+ 21. Ke3 f5 22. Bc5 Re4+ 23. Kd3 Be5 24. Rxc7+ Rxc7 25. dxc7 a6 26. Nd6+
Bxd6 27. Bxd6 Re6 28. Bc5 Kxc7 29. a4 Re1 30. f3 Rb1 31. Kc2 Rh1 32. Bd4 Kd6
33. Ba7 Kd5 34. b4 Rxh2 35. b5 Rxg2+ 36. Kd3 Ra2 37. b6 Kc6 38. Kd4 Rxa4+ 39.
Ke5 {Motoman resigns} 0-1

[Event "ICS rated blitz match"]
[Site "204.178.125.65"]
[Date "2000.09.28"]
[Round "?"]
[White "Hossa"]
[Black "Motoman"]
[Result "1-0"]
[WhiteElo "2423"]
[BlackElo "2039"]
[PlyCount "71"]
[EventDate "2000.??.??"]

1. e4 c5 2. Nf3 Nc6 3. d4 cxd4 4. Nxd4 Nf6 5. Nc3 e5 6. Ndb5 d6 7. Bg5 a6 8.
Na3 b5 9. Bxf6 gxf6 10. Nd5 f5 11. Bd3 Be6 12. O-O f4 13. c4 b4 14. Qa4 Bd7 15.
Nb5 axb5 16. Qxa8 Qxa8 17. Nc7+ Kd8 18. Nxa8 bxc4 19. Bxc4 Nd4 20. Bxf7 Bc6 21.
Bd5 Bxd5 22. exd5 e4 23. a4 f3 24. Rfd1 Bg7 25. Ra2 Be5 26. g3 h5 27. Kf1 h4
28. g4 Bxh2 29. Rxd4 Bg3 30. Rxe4 h3 31. Rxb4 Ke7 32. Kg1 Bxf2+ 33. Kxf2 h2 34.
Ra1 h1=Q 35. Rxh1 Rxh1 36. Kxf3 {Motoman resigns} 1-0

[Event "ICS rated standard match"]
[Site "204.178.125.65"]
[Date "2000.09.28"]
[Round "?"]
[White "infant"]
[Black "Hossa"]
[Result "0-1"]
[WhiteElo "1918"]
[BlackElo "2362"]
[PlyCount "56"]
[EventDate "2000.??.??"]

1. Nf3 Nf6 2. g3 d5 3. Bg2 c6 4. O-O Bf5 5. d3 h6 6. Nbd2 e6 7. b3 Nbd7 8. Bb2
Qc7 9. c4 O-O-O 10. cxd5 exd5 11. Re1 Bc5 12. Rc1 Bxf2+ 13. Kxf2 Ng4+ 14. Kg1
Ne3 15. Bxg7 Nxd1 16. Rexd1 Rh7 17. Bb2 Bg4 18. Rf1 Qd6 19. Nd4 Qe7 20. e4 Ne5
21. exd5 Nxd3 22. Ne4 Nxb2 23. dxc6 Rxd4 24. cxb7+ Kb8 25. Nc5 Rd6 26. h3 Qe3+
27. Kh2 Nd3 28. Na6+ Rxa6 {infant resigns} 0-1

[Event "ICS rated standard match"]
[Site "204.178.125.65"]
[Date "2000.09.28"]
[Round "?"]
[White "Hossa"]
[Black "FRAGAKOS"]
[Result "1-0"]
[WhiteElo "2364"]
[BlackElo "2285"]
[PlyCount "113"]
[EventDate "2000.??.??"]

1. e4 e5 2. Nf3 d6 3. d4 exd4 4. Nxd4 Nf6 5. Nc3 Be7 6. Bc4 Nbd7 7. O-O O-O 8.
Nf5 Nb6 9. Nxe7+ Qxe7 10. Bd3 Bg4 11. f3 Be6 12. b3 Rfe8 13. Be3 Nbd7 14. Nb5
Nc5 15. Bg5 Nxd3 16. Qxd3 a6 17. Bxf6 gxf6 18. Nd4 Rad8 19. f4 d5 20. exd5 Bxd5
21. Nf5 Qc5+ 22. Rf2 Kh8 23. Rd1 Rd7 24. Qd4 Qxd4 25. Rxd4 c5 26. Rd1 b6 27.
Rfd2 Red8 28. Ne3 Bc6 29. Rxd7 Rxd7 30. Rxd7 Bxd7 31. Nd5 Kg7 32. Nxb6 Bc6 33.
Kf2 Kg6 34. Nc8 Be4 35. Nd6 Bxc2 36. Nb7 Kf5 37. Nxc5 Bb1 38. a3 Kxf4 39. Nxa6
Ke4 40. Nc5+ Kd4 41. b4 h6 42. Kf3 Kc4 43. h3 Bf5 44. Kg3 Be6 45. Kh4 Bd5 46.
g3 Bf3 47. g4 Bc6 48. Kh5 Bg2 49. h4 Bf3 50. Nd7 Kb3 51. Nxf6 Kxa3 52. Kxh6
Kxb4 53. Kg7 Kc5 54. h5 Kd4 55. h6 Be4 56. Nxe4 Kxe4 57. h7 {FRAGAKOS resigns}
1-0

[Event "ICS rated blitz match"]
[Site "204.178.125.65"]
[Date "2000.09.28"]
[Round "?"]
[White "postalex"]
[Black "Hossa"]
[Result "1/2-1/2"]
[WhiteElo "2057"]
[BlackElo "2426"]
[PlyCount "56"]
[EventDate "2000.??.??"]

1. e4 c5 2. Nf3 e6 3. d4 cxd4 4. Nxd4 Nc6 5. Nc3 Qc7 6. Be3 a6 7. Be2 Nf6 8.
O-O Bb4 9. f3 O-O 10. Kh1 Bxc3 11. bxc3 Ne7 12. Bg5 Qxc3 13. Bxf6 gxf6 14. Rb1
d5 15. Rb3 Qa5 16. Qc1 e5 17. Qh6 exd4 18. f4 dxe4 19. Rg3+ Ng6 20. f5 Bxf5 21.
Bc4 Rac8 22. Bb3 Be6 23. Bxe6 fxe6 24. Rxg6+ hxg6 25. Qxg6+ Kh8 26. Qh6+ Kg8
27. Qg6+ Kh8 28. Qh6+ Kg8 {Game drawn by mutual agreement} 1/2-1/2

[Event "ICS rated blitz match"]
[Site "204.178.125.65"]
[Date "2000.09.28"]
[Round "?"]
[White "Texan"]
[Black "Hossa"]
[Result "0-1"]
[WhiteElo "1983"]
[BlackElo "2413"]
[PlyCount "62"]
[EventDate "2000.??.??"]

1. e4 c5 2. Nc3 d6 3. g3 Nc6 4. Bg2 g6 5. d3 Bg7 6. Be3 Nf6 7. Qd2 Ng4 8. Nge2
Nxe3 9. Qxe3 O-O 10. O-O Bd7 11. Kh1 e6 12. f4 Qb6 13. Rab1 Nd4 14. Qd2 f5 15.
exf5 Nxf5 16. Ne4 Bc6 17. c3 Bd5 18. b3 Qc7 19. c4 Bc6 20. h3 Qd7 21. g4 Nh4
22. N2g3 Rf7 23. Rf2 Bd4 24. Re2 Raf8 25. Rf1 b6 26. Kh2 a6 27. a3 Kh8 28. a4
e5 29. fxe5 Rxf1 30. Nxf1 Rxf1 31. Bxf1 Nf3+ {Texan resigns} 0-1

[Event "ICS Rated standard match"]
[Site "204.178.125.65"]
[Date "2000.09.28"]
[Round "?"]
[White "BrazilianMaster"]
[Black "Hossa"]
[Result "0-1"]
[WhiteElo "2581"]
[BlackElo "2376"]
[PlyCount "146"]
[EventDate "2000.??.??"]

1. d4 Nf6 2. Nd2 c5 3. dxc5 e6 4. Nb3 Nc6 5. Be3 Be7 6. Nf3 a5 7. a4 O-O 8. g3
Ng4 9. Bc1 d6 10. cxd6 Qxd6 11. Bg5 Qb4+ 12. Bd2 Qb6 13. e3 Rd8 14. h3 Nf6 15.
Bc4 Ne4 16. Bd3 Nxd2 17. Nfxd2 Nb4 18. Bc4 e5 19. c3 Nd3+ 20. Bxd3 Rxd3 21. Qc2
Qc6 22. e4 Rd8 23. Nf3 Qf6 24. Qe2 b6 25. Nbd2 Ba6 26. c4 Bb4 27. O-O-O Rac8
28. Kc2 Qc6 29. b3 Bb7 30. Kb1 f6 31. Rhg1 Qd7 32. Rge1 Qxh3 33. Rh1 Qd7 34.
Rhe1 Qc7 35. Rh1 Rd7 36. g4 Rcd8 37. Kc2 Qc8 38. Rhg1 Qa8 39. Qe3 Bc6 40. Rgf1
Qb7 41. Rg1 Bc5 42. Qe2 g5 43. Rg3 Be7 44. Rgg1 Bb4 45. Rge1 Rd3 46. Qxd3 Rxd3
47. Kxd3 Qd7+ 48. Kc2 Qxg4 49. Ng1 Qf4 50. f3 g4 51. fxg4 Bxd2 52. Rxd2 Bxe4+
53. Kc1 Qxg4 54. Rd6 Qf4+ 55. Kd1 Kf7 56. Rd7+ Ke6 57. Rd2 f5 58. Rde2 Qg3 59.
Re3 Qf2 60. R3e2 Qd4+ 61. Rd2 Qc3 62. Ke2 Qxb3 63. Red1 Qxc4+ 64. Ke1 Bc6 65.
Rd6+ Kf7 66. Ne2 Bxa4 67. R1d2 Qh4+ 68. Kf1 Qh1+ 69. Kf2 Qh2+ 70. Ke3 Qh3+ 71.
Kf2 e4 72. Ra2 Qh2+ 73. Ke3 Qxd6 {BrazilianMaster resigns} 0-1

[Event "ICS Rated standard match"]
[Site "204.178.125.65"]
[Date "2000.09.28"]
[Round "?"]
[White "Hossa"]
[Black "infant"]
[Result "1-0"]
[WhiteElo "2400"]
[BlackElo "1954"]
[PlyCount "40"]
[EventDate "2000.??.??"]

1. e4 e5 2. Nf3 Nf6 3. Nxe5 d6 4. Nf3 Nxe4 5. d4 d5 6. Bd3 Bd6 7. O-O O-O 8. c4
c6 9. cxd5 cxd5 10. Nc3 Nxc3 11. bxc3 f5 12. c4 Be6 13. Ng5 Qd7 14. Nxe6 Qxe6
15. Qb3 Rf7 16. cxd5 Qg6 17. Re1 Nd7 18. Re6 Rf6 19. Qxb7 Nb6 20. Rb1 Rxe6 {
infant resigns} 1-0

[Event "ICS rated blitz match"]
[Site "204.178.125.65"]
[Date "2000.09.28"]
[Round "?"]
[White "I-Labib"]
[Black "Hossa"]
[Result "1/2-1/2"]
[WhiteElo "2254"]
[BlackElo "2445"]
[PlyCount "124"]
[EventDate "2000.??.??"]

1. d3 e5 2. Nd2 Nc6 3. g3 d5 4. Bg2 Nf6 5. c4 Bc5 6. Ngf3 e4 7. dxe4 dxe4 8.
Ng5 Bxf2+ 9. Kxf2 Ng4+ 10. Ke1 Ne3 11. Qb3 Nxg2+ 12. Kf2 Qxg5 13. Kxg2 Qg4 14.
Qe3 Bf5 15. Rf1 O-O-O 16. Rf4 Qh3+ 17. Kg1 Bg6 18. b3 Rhe8 19. Bb2 f6 20. Nf1
Kb8 21. a3 Rd7 22. b4 Red8 23. b5 Ne5 24. Bxe5 fxe5 25. Rf2 Rd4 26. c5 R4d5 27.
b6 axb6 28. cxb6 c6 29. Qc3 Re8 30. a4 h6 31. a5 Rb5 32. Ne3 Bh5 33. a6 bxa6
34. Rxa6 Rb1+ 35. Rf1 Rxf1+ 36. Nxf1 Bxe2 37. Ra8+ Kb7 38. Ra7+ Kb8 39. Ne3 Qc8
40. Qa3 c5 41. Ra8+ Kb7 42. Qa7+ Kc6 43. Rxc8+ Rxc8 44. b7 Rd8 45. b8=Q Rxb8
46. Qxb8 Bf3 47. Qxe5 h5 48. Qxg7 Kb5 49. Qh6 Be2 50. h3 Bf3 51. g4 hxg4 52.
hxg4 Be2 53. Qf4 Bd3 54. Qd6 c4 55. g5 c3 56. g6 Bb1 57. g7 c2 58. Qc7 Ba2 59.
Qxc2 Bg8 60. Qxe4 Kc5 61. Qe8 Bh7 62. g8=Q Bxg8 {
I-Labib ran out of time and Hossa has no material to mate} 1/2-1/2